| 000 | 00340nam a2200121Ia 4500 | ||
|---|---|---|---|
| 008 | 240731s9999 xx 000 0 und d | ||
| 022 | _a1545-5882 | ||
| 245 | 0 | _aMedical Anthropology : Cross-Cultural Studies in Health and Illness | |
| 260 | _bRoutledge | ||
| 856 | _uhttps://www.tandfonline.com/loi/gmea20 | ||
| 942 | _2ddc | ||
| 942 | _cTFEJ | ||
| 999 |
_c78526 _d78526 |
||
| 945 |
_a1 _bMadushi Gamage _c1 _dMadushi Gamage |
||